Normal view
MARC view
- Mcleavy. W Dennis, Billington. J Peter
Entry Corporate Name
001 - CONTROL NUMBER
- control field: 122705
003 - CONTROL NUMBER IDENTIFIER
- control field: NUST
005 - DATE AND TIME OF LATEST TRANSACTION
- control field: 20240516121532.0
008 - FIXED-LENGTH DATA ELEMENTS
- fixed length control field: 240516|| aca||aabn | a|a d
040 ## - CATALOGING SOURCE
- Original cataloging agency: NUST
- Transcribing agency: NUST
110 ## - HEADING--CORPORATE NAME
- Corporate name or jurisdiction name as entry element: Mcleavy. W Dennis, Billington. J Peter
670 ## - SOURCE DATA FOUND
- Source citation: Work cat.: (NUST): Narasimhan. L Seetharama 122704, Production Planning and inventory Control
